| 000 | 00697nam a22002537a 4500 | ||
|---|---|---|---|
| 003 | CHAP | ||
| 005 | 20220329133937.0 | ||
| 008 | 971013c19491933 r 00010 d | ||
| 010 | _a13019 | ||
| 011 | _a13991 | ||
| 035 | _a18064 | ||
| 040 | _cCHAP | ||
| 082 |
_a592 _bH4 |
||
| 100 | 0 | 0 |
_aHegner, Robert William. _953323 |
| 245 | _aInvertebrate zoology | ||
| 260 |
_aNew York : _bMacMillan, _c1949 (c.1933) |
||
| 300 |
_a570 p. _b: ilus. |
||
| 590 |
_aBATCH-UPD _b10 _c20130110 _lUCH01 _h1631 |
||
| 590 |
_aCONVERSION _b10 _c20130109 _lUCH01 _h1308 |
||
| 650 | 1 | 4 |
_aInvertebrados. _960203 |
| 901 | _aBK | ||
| 942 | _cLIBRO | ||
| 949 |
_a592 H4 _bBC _cLIBRO _d33724000720462 _eLIBRO _h3782 _i18064 _mD _si |
||
| 999 |
_c13019 _d13019 |
||